Library Banner

Samundar pur sakoon he (Urdu)(سمندر پر سکون ہے) (Record no. 68747)

MARC details
000 -LEADER
fixed length control field 00619nam a2200193Ia 4500
001 - CONTROL NUMBER
control field 65431
003 - CONTROL NUMBER IDENTIFIER
control field OSt
005 - DATE AND TIME OF LATEST TRANSACTION
control field 20150702103721.0
008 - FIXED-LENGTH DATA ELEMENTS--GENERAL INFORMATION
fixed length control field 150403s9999 xx 000 0 und d
040 ## - CATALOGING SOURCE
Transcribing agency PK-LaUMT
082 ## - DEWEY DECIMAL CLASSIFICATION NUMBER
Classification number 891.4393
Item number SUL-S
100 ## - MAIN ENTRY--PERSONAL NAME
Personal name Sultan Rafi(سلطان رفیع)
245 ## - TITLE STATEMENT
Title Samundar pur sakoon he (Urdu)(سمندر پر سکون ہے)
Statement of responsibility, etc Sultan Rafi(سلطان رفیع)
260 ## - PUBLICATION, DISTRIBUTION, ETC. (IMPRINT)
Place of publication, distribution, etc Karachi,Pakistan:(کراچی، پاکستان )
Name of publisher, distributor, etc Maktabah Danyaal,(مکتبہ دانیال)
Date of publication, distribution, etc 1998
300 ## - PHYSICAL DESCRIPTION
Extent 360 p.
546 ## - LANGUAGE NOTE
Language note UR
650 ## - SUBJECT ADDED ENTRY--TOPICAL TERM
Topical term or geographic name as entry element Pakistani literature-Urdu fiction
942 ## - ADDED ENTRY ELEMENTS (KOHA)
Koha item type Books
Source of classification or shelving scheme Dewey Decimal Classification
Holdings
Withdrawn status Lost status Damaged status Not for loan Home library Current library Date acquired Total Checkouts Full call number Barcode Date last seen Date checked out Price effective from Koha item type
        UMT Main Campus UMT Main Campus 2015-04-03 6 891.4393 SUL-S 89159 2020-01-04 2019-12-21 2015-04-03 Books